Star Wars - True or False - Statistics

General Stats
  • This quiz has been taken 284 times
  • The average score is 9 of 15
Answer Stats
Question Answer % Correct
Luke Skywalker was born on Tatooine False
86%
Qui-Gon Jinn was Count Dooku's apprentice True
85%
In the timeline, "BBY" stands for "Before the Battle of Yavin" True
82%
Padme Amidala is 5 years older than Anakin Skywalker True
81%
"Return of the Jedi" was originally called "Revenge of the Jedi" True
73%
Ki-Adi Mundi is a Cerean True
70%
Yarael Poof was a member of the Jedi council True
70%
Wedge Antilles is in every major battle False
66%
Palpatine's homeworld is Coruscant False
66%
Admiral Ozzel's first name is Kendal True
52%
Darth Vader outranks every Imperial Officer for military purposes False
51%
Jabba the Hutt is the only Hutt to make an appearance in the main episodes False
36%
The bounty hunter Bossk appears in more than one episode of the original series True
28%
Luke Skywalker is Leia Organa's sister False
25%
The shield generator for the Death Star II is on the planet Endor False
21%
No matching quizzes found
Score Distribution
Percent of People with Each Score
Percentile by Number Answered
Your Score History
You have not taken this quiz